| 000 | 00587nam a22002057a 4500 | ||
|---|---|---|---|
| 003 | NALT | ||
| 005 | 20211025100825.0 | ||
| 008 | s2528 th f tha d | ||
| 040 | _aNALT | ||
| 041 | _atha | ||
| 090 |
_aFIC _bส833ม |
||
| 100 | 0 |
_aสุฟ้า _914642 |
|
| 245 | 1 | 0 |
_aแม่ครัวคนใหม่ / _cสุฟ้า. |
| 260 |
_aกรุงเทพฯ : _bบรรณาคาร, _c2528. |
||
| 300 |
_a412 หน้า ; _c19 ซม. |
||
| 650 | 4 |
_aนวนิยาย _93785 |
|
| 850 | _aNALT | ||
| 942 |
_cFIC _2local |
||
| 998 |
_bphon _cphon _j109 _k อารีรัตน์ วิชาช่าง |
||
| 999 |
_c43245 _d43245 |
||